Score 0/16 Timer 03:00
1 Play Today
Scrambled Term % Correct
ISARPParis
95.3%
LVOURELouvre
93.5%
NOJA FO CRAJoan of Arc
92.3%
OURT ED CARNEFTour de France
90.4%
LIFEEF OTWREEiffel Tower
87.2%
ASTBLLIE YADBastille Day
86.3%
ETRNO EDAMNotre Dame
83.2%
NOEAPOLN NEAAOTPBRNapoleon Bonaparte
83%
Scrambled Term % Correct
ACR ED EOITMPRHArc de Triomphe
76.4%
IARME EANOTNTITEMarie Antoinette
72.5%
SLRCAHE ED AGUELLCharles de Gaulle
57.8%
IAVSELERLSVersailles
55.3%
CNFRHE ERARIIVFrench Riviera
53.5%
OMYRNNADNormandy
27.5%
AÉNLORSOrléans
23%
TRACESOGEscargot
21.6%
Remove Ads.
Support Sporcle.
Get the best of Sporcle when you Go Orange. This ad-free experience offers more features, more stats, and more fun while also helping to support Sporcle. Thank you for becoming a member.

You're not logged in!

Compare scores with friends on all Sporcle quizzes.
OR
Log In

Show Comments

Extras

Top Quizzes Today


Score Distribution

Your Account Isn't Verified!

In order to create a playlist on Sporcle, you need to verify the email address you used during registration. Go to your Sporcle Settings to finish the process.

Report this User

Report this user for behavior that violates our Community Guidelines.

Details: